| Registos Bibliográficos associados ao registo de autoridade |
|
Etiqueta de registo: 01459cam 2200349 450 001 1034165 003 http://id.bnportugal.gov.pt/bib/catbnp/1034165 005 20030401115200.0 021 ## $aPT$b153762/00 100 ## $a20000928d2000 m d0pory01030103ba 101 0# $apor 102 ## $aPT 105 ## $aa z 001yy 106 ## $ar 200 1# $aValdevez medieval$edocumentos.$hVol. 1,$i950 - 1299$fcoord. Amélia Aguiar Andrade, Luís Krus$gtranscr. Filomena Melo, João Luís Fontes 210 #9 $aArcos de Valdevez$cCâmara Municipal de Arcos de Valdevez,$d2000 215 ## $a297$cil.$d21 cm 225 2# $aValdevez medieval 607 ## $aArcos de Valdevez (Portugal)$xHistória$z950-1299$x[Fontes históricas]$2SIPOR$3988006 675 ## $a94(469.111)"950/1299"(093)$vBN$zpor$3988005 702 #1 $aAndrade,$bAmélia Aguiar,$f1955-$4340$380324 702 #1 $aKrus,$bLuís,$f1954-2005$4340$352869 702 #1 $aMelo,$bFilomena$4340$3987070 702 #1 $aFontes,$bJoão Luís,$f1971-$4340$3940611 856 41 $uhttp://rnod.bnportugal.gov.pt/ImagesBN/winlibimg.aspx?skey=&doc=1034165&img=223711&save=true 966 ## $lBN$mFGMON$sH.G. 89308 V.$x3 966 ## $lBN$mFGMON$sH.G. 89309 V.$x1 966 ## $lBN$mFGMON$sH.G. 89309 V.-D$x1 972 ## $e0$z0$d20260629$vasantos
|
|
|